000 00962nam a22002297a 4500
999 _c159088
_d159088
008 181129b ||||| |||| 00| 0 eng d
020 _a9788131792117
_c649.00
035 _aB-713009
040 _adpl
_ben
082 _a540
100 _aFeynman, Richard P.
245 _aThe Feynman Lectures on Physics
_cRichard P. Feynman, Robert B. Leighton and Mathews Sands
250 _bNew millennium edition
260 _aNoida
_bPearson
_c2013
270 _a15th Floor, tower-b,world trade tower, Plot. No.1, Sec 16, Noida, Uttar Pradesh -201301
300 _a2V, vp.
_c28cm.
505 _av1 Mainly Mechanics, Radiation, and Heat v2. Mainly Electromagnetism and Matter
700 _aLeighton Robert B.
700 _aSands, Mathews.
942 _2ddc
_cEN
_h540
_mFEY